Loading...
| Social Science | 0 | 4 | 0 | 0 | 40 | 48 | 74.00 | 0 | 1 | 11.13 | 16.82 |
| Philosophy | 0 | 4 | 0 | 1 | 40 | 71 | 99.75 | 0 | 1 | 5.75 | 10.23 |
| History - Other | 0 | 4 | 1 | 3 | 35 | 95 | 121.75 | 0 | 0 | 2.69 | 5.23 |
| Science - Biology | 0 | 3 | 0 | 0 | 30 | 105 | 111.00 | 0 | 0 | 1.08 | 7.27 |
| Literature - American | 0 | 2 | 0 | 0 | 20 | 119 | 121.00 | 0 | 1 | 2.35 | 7.95 |
| History - European | 0 | 2 | 0 | 0 | 20 | 73 | 99.50 | 0 | 2 | 3.42 | 9.09 |
| Science - Chemistry | 0 | 2 | 0 | 0 | 20 | 97 | 109.50 | 0 | 0 | 0.00 | 2.73 |
| Other Academic | 0 | 1 | 0 | 0 | 10 | 84 | 84.00 | 0 | 0 | 9.40 | 10.00 |
| History - American | 0 | 1 | 0 | 0 | 10 | 108 | 108.00 | 0 | 0 | 1.04 | 2.27 |
| Fine Arts - Other | 0 | 1 | 0 | 1 | 10 | 134 | 134.00 | 0 | 0 | 0.00 | 1.14 |
| Popular Culture | 0 | 1 | 0 | 0 | 10 | 132 | 132.00 | 0 | 0 | 0.00 | 3.33 |
| Science - Physics | 0 | 1 | 0 | 0 | 10 | 119 | 119.00 | 0 | 0 | 0.00 | 0.91 |
| History - World | 0 | 2 | 3 | 1 | 5 | 77 | 101.50 | 0 | 1 | 3.75 | 4.55 |
| Fine Arts - Painting and Sculpture | 0 | 1 | 1 | 0 | 5 | 85 | 85.00 | 0 | 0 | 3.28 | 6.36 |
| Religion | 0 | 1 | 1 | 0 | 5 | 103 | 103.00 | 0 | 1 | 0.50 | 4.55 |
| Geography | 0 | 0 | 1 | 0 | -5 | 0.00 | 0 | 0 | 0.00 | 0.00 | |
| Science - Other | 0 | 0 | 1 | 0 | -5 | 0.00 | 0 | 0 | 0.00 | 0.00 |